Statistics for NHL Assist Club (950 or more in career - 2 players still active & totals increasing)

Click here to take the quiz!

General Stats

  • This quiz has been taken 31 times
  • The average score is 11 of 15

Answer Stats

HintAnswer% Correct
1963Wayne Gretzky
100%
1149+Jaromir Jagr
100%
1033Mario Lemieux
100%
1193Mark Messier
97%
1049Gordie Howe
90%
1169Ray Bourque
86%
1063Steve Yzerman
79%
1016Joe Sakic
79%
1007+Joe Thornton
76%
1135Paul Coffey
72%
1040Marcel Dionne
69%
1249Ron Francis
66%
1079Adam Oates
45%
964Doug Gilmour
45%
956Mark Recchi
31%

Score Distribution

Percentile by Number Answered

Percent of People with Each Score

Your Score History

You have not taken this quiz